Countries by Military - Statistics

General Stats
  • This quiz has been taken 53 times
  • The average score is 12 of 15
Answer Stats
Power Answer % Correct
3 Russia
98%
2 China
96%
6 France
96%
9 United Kingdom
96%
1 United States of America
96%
4 Japan
94%
5 India
90%
7 South Korea
90%
8 Italy
82%
11 Pakistan
71%
12 Egypt
67%
14 Israel
67%
10 Turkey
65%
15 Australia
61%
13 Taiwan
45%
No matching quizzes found
Score Distribution
Percent of People with Each Score
Percentile by Number Answered
Your Score History
You have not taken this quiz